| 000 -LEADER |
| fixed length control field |
00697pam a2200229 a 4500 |
| 001 - CONTROL NUMBER |
| control field |
4771355 |
| 005 - DATE AND TIME OF LATEST TRANSACTION |
| control field |
20180313052822.0 |
| 008 - FIXED-LENGTH DATA ELEMENTS--GENERAL INFORMATION |
| fixed length control field |
861208s1987 nyu b 000 0 eng |
| 010 ## - LIBRARY OF CONGRESS CONTROL NUMBER |
| LC control number |
86031942 |
| 020 ## - INTERNATIONAL STANDARD BOOK NUMBER |
| International Standard Book Number |
0824001370 (alk. paper) : |
| Terms of availability |
$80.00 |
| 040 ## - CATALOGING SOURCE |
| Original cataloging agency |
DLC |
| Transcribing agency |
DLC |
| Modifying agency |
DLC |
| 041 ## - LANGUAGE CODE |
| Language code of text/sound track or separate title |
eng |
| 043 ## - GEOGRAPHIC AREA CODE |
| Geographic area code |
n-us--- |
| 080 ## - UNIVERSAL DECIMAL CLASSIFICATION NUMBER |
| Universal Decimal Classification number |
342.73/0872 hal |
| 082 00 - DEWEY DECIMAL CLASSIFICATION NUMBER |
| Classification number |
342.73/0872 hal |
| -- |
347.302872 |
| Edition number |
19 |
| 100 ## - Rafti |
| Rafti |
15 |
| 101 ## - Shkurtesa |
| Shkurtesa |
jur |
| 245 04 - TITLE STATEMENT |
| Title |
The Law of American slavery : |
| Statement of responsibility, etc |
edited with an introduction by Kermit L. Hall. |
| 504 ## - BIBLIOGRAPHY, ETC. NOTE |
| Bibliography, etc |
Includes bibliographical references. |
| 906 ## - LOCAL DATA ELEMENT F, LDF (RLIN) |
| a |
7 |
| b |
cbc |
| c |
orignew |
| d |
1 |
| e |
ocip |
| f |
19 |
| g |
y-gencatlg |
| 942 ## - ADDED ENTRY ELEMENTS (KOHA) |
| Source of classification or shelving scheme |
|
| Item type |
Books |